000 00341nam a22001337a 4500
999 _c55006
_d55006
008 200204b ||||| |||| 00| 0 eng d
041 _aeng
080 _2043.3
_a043.3
082 _a043.3
100 _a0
101 _aBTH
245 _aRoli i Infermierisë te pacientë me Fraktura të Gjymtyrëve të sipërme
_cArifi,A
942 _2udc
_cBK